000 00484nam a2200169 a 4500
005 20140412111311.0
008 030415s19uu xx 00 eng d
020 _a0-307-68856-9
050 _aER
_bHa11 1985
100 _aJones, Josie
245 _aThe happy easter book /
_cby Josie Jones ; illustrated by John Nez.
260 _aNew York :
_bA Golden Book,
_c1985.
300 _a1 v. (unp.) ; ill.
650 _aEasters--Fiction
650 _aChildren stories
999 _c104000
_d104000